Empresa The Burton Corporation
Presenta una descripción detallada de la práctica profesional ejecutada durante un periodo de doce meses en The Burton Snowboard Corporation, empresa dedicada a la fabricación de ropa y de equipos para el esquí sobre nieve, con sede en el estado de Vermont.
| Main Author: | |
|---|---|
| Other Authors: | |
| Format: | Tesis Section = Libro |
| Language: | Undetermined Spanish |
| Published: |
Managua
UNI
2020
|
| Subjects: |
| LEADER | 01033nam a2200253Ia 4500 | ||
|---|---|---|---|
| 008 | 240830s9999 xx 000 0 und d | ||
| 040 | |a BIBLIOTECA-RUSB/ Mon 712.3 G146 | ||
| 041 | |a spa | ||
| 082 | |a Mon 712.3 G146 | ||
| 100 | 1 | |a Galán Rojas, Héctor Luis | |
| 245 | 1 | 0 | |a Empresa The Burton Corporation |
| 260 | |a Managua |b UNI |c 2020 | ||
| 300 | |a 79 p. :il. | ||
| 500 | |a Contiene: informe de práctica profesional. Anexos y CD. | ||
| 502 | |a Tesis (Arquitecto) - UNI, 2020. | ||
| 520 | 3 | |a Presenta una descripción detallada de la práctica profesional ejecutada durante un periodo de doce meses en The Burton Snowboard Corporation, empresa dedicada a la fabricación de ropa y de equipos para el esquí sobre nieve, con sede en el estado de Vermont. | |
| 650 | 7 | |a PRACTICAS PROFESIONALES | |
| 650 | 7 | |b FORMACION PROFESIONAL | |
| 650 | 7 | |c ARQUITECTURA- DISEÑOS Y PLANOS | |
| 650 | 7 | |d DISEÑO ARQUITECTONICO | |
| 700 | 1 | |a Tutor: |b Morales Sánchez, Erick Alejandro | |
| 942 | |c BK |2 ddc | ||
| 991 | |a TESIS | ||
| 999 | |c 21056 | ||